[Event "Russian Championship B17 1st league 2016"]
[Site "Loo"]
[Date "2016.04.21"]
[Round "2.30"]
[White "Chudiniv, Andrey"]
[Black "Shevelev, Alexandr"]
[Result "1-0"]
[WhiteElo "1986"]
[BlackElo "1668"]
[PlyCount "125"]
[EventDate "2016.04.20"]

1. d4 d5 2. c4 e6 3. Nf3 Nf6 4. e3 Be7 5. Bd3 dxc4 6. Qa4+ c6 7. Qxc4 O-O 8.
O-O b6 9. b3 Ba6 10. Qc2 Bxd3 11. Qxd3 c5 12. Nc3 cxd4 13. Qxd4 Nc6 14. Qa4 Nb4
15. Ba3 Nbd5 16. Bxe7 Qxe7 17. Nxd5 Nxd5 18. Rac1 Rac8 19. Qa6 Rc7 20. Nd4 Nc3
21. Ne2 Nxe2+ 22. Qxe2 Rfc8 23. Qb2 f5 24. g3 Rc5 25. Rxc5 Qxc5 26. Rd1 a5 27.
Kg2 Qc6+ 28. Kg1 Qc2 29. Rd8+ Kf7 30. Rd7+ Ke8 31. Qxc2 Rxc2 32. Rxg7 Rxa2 33.
Rb7 b5 34. Rxb5 Kf7 35. Rb7+ Kg6 36. Re7 h6 37. Rxe6+ Kg7 38. Ra6 Ra3 39. h3
Rxb3 40. Rxa5 Kg6 41. Kg2 Rb4 42. Kf3 Rc4 43. g4 fxg4+ 44. hxg4 Rb4 45. Kg3 Rb2
46. f3 Rb3 47. Kf4 Rb4+ 48. e4 Rb3 49. Ra6+ Kg7 50. e5 Rb4+ 51. Kf5 Rb8 52.
Ra7+ Kh8 53. f4 Rc8 54. e6 Kg8 55. Kg6 Re8 56. f5 h5 57. f6 Rf8 58. Rg7+ Kh8
59. Rh7+ Kg8 60. f7+ Rxf7 61. Rxf7 hxg4 62. e7 g3 63. e8=Q# 1-0

[Event "Russian Championship B17 1st league 2016"]
[Site "Loo"]
[Date "2016.04.21"]
[Round "2.31"]
[White "Karelov, Pavel"]
[Black "Kiyashko, Andrey"]
[Result "1-0"]
[WhiteElo "1961"]
[BlackElo "1653"]
[PlyCount "123"]
[EventDate "2016.04.20"]

1. c4 e6 2. Nc3 Nf6 3. Nf3 d5 4. cxd5 exd5 5. d4 c6 6. Bg5 Bd6 7. e3 Bf5 8. Bd3
Bxd3 9. Qxd3 Nbd7 10. O-O O-O 11. Qf5 Qe7 12. Rfe1 Qe6 13. Qxe6 fxe6 14. Bf4
Bb4 15. Re2 Nh5 16. Be5 Nxe5 17. Nxe5 Nf6 18. a4 a5 19. Na2 Bd6 20. Nd3 Rae8
21. f4 Ra8 22. Nac1 Rfc8 23. Nb3 Ne4 24. Rc2 Rc7 25. Rac1 Kf7 26. Nbc5 Bxc5 27.
Nxc5 Nxc5 28. Rxc5 Ke7 29. R1c3 Kf6 30. Rb3 Ra6 31. Kf2 b6 32. Rc2 c5 33. Rb5
Rc6 34. Kf3 c4 35. Rc3 Ra7 36. g3 Rf7 37. h3 Re7 38. Ke2 Rf7 39. Kf3 Re7 40.
Kf2 Rf7 41. Ke2 Rd7 42. e4 Ke7 43. Kf3 Kd6 44. exd5 exd5 45. Re3 Kc7 46. f5
Rcd6 47. Kf4 Rf7 48. g4 Kd7 49. Re5 Kc6 50. g5 Rfd7 51. Re6 Rxe6 52. fxe6 Rd6
53. Ke5 Rd8 54. e7 Re8 55. Ke6 h6 56. Kf7 Kd7 57. Rxd5+ Kc6 58. Kxe8 Kxd5 59.
Kd7 Kxd4 60. e8=Q Kd3 61. Qe5 hxg5 62. Qc3+ 1-0

[Event "Russian Championship B17 1st league 2016"]
[Site "Loo"]
[Date "2016.04.21"]
[Round "2.32"]
[White "Khmelev, Mikhail"]
[Black "Belov, Aleksey"]
[Result "1-0"]
[WhiteElo "1917"]
[BlackElo "1612"]
[PlyCount "61"]
[EventDate "2016.04.20"]

1. e4 e6 2. d4 d5 3. Nc3 dxe4 4. Nxe4 Nd7 5. Bd3 Ngf6 6. Nxf6+ Nxf6 7. Nf3 c5
8. Be3 cxd4 9. Bxd4 Be7 10. O-O O-O 11. c3 Bd7 12. Ne5 Qc7 13. Nxd7 Nxd7 14.
Re1 Bd6 15. Qh5 g6 16. Qh6 e5 17. Be3 Rfe8 18. Bb5 a6 19. Ba4 b5 20. Bb3 Nb6
21. Bxb6 Qxb6 22. Re3 Ra7 23. Rh3 e4 24. Qxh7+ Kf8 25. Re1 Re5 26. Qh8+ Ke7 27.
Rh7 Rf5 28. Rxe4+ Kd7 29. Qe8+ Kc7 30. Rxf7+ Rxf7 31. Qxf7+ 1-0

[Event "Russian Championship B17 1st league 2016"]
[Site "Loo"]
[Date "2016.04.21"]
[Round "2.33"]
[White "Maltsevskiy, Nikolay"]
[Black "Murtazin, Rifat"]
[Result "1-0"]
[WhiteElo "1889"]
[BlackElo "1555"]
[PlyCount "59"]
[EventDate "2016.04.20"]

1. d4 d5 2. c4 c6 3. Nc3 Nf6 4. Nf3 e6 5. cxd5 exd5 6. Bg5 Bf5 7. e3 Nbd7 8.
Bd3 Bxd3 9. Qxd3 Bd6 10. O-O O-O 11. Rab1 a5 12. a3 Re8 13. b4 axb4 14. axb4 b5
15. e4 dxe4 16. Nxe4 Be7 17. Rfe1 Nxe4 18. Rxe4 Bxg5 19. Rxe8+ Qxe8 20. Nxg5
Nf6 21. Kf1 h6 22. Re1 Qd7 23. Ne4 Nxe4 24. Qxe4 Rd8 25. Qf4 Qxd4 26. Re8+ Kh7
27. Qf5+ g6 28. Qxf7+ Qg7 29. Qxg7+ Kxg7 30. Rxd8 1-0

[Event "Russian Championship B17 1st league 2016"]
[Site "Loo"]
[Date "2016.04.21"]
[Round "2.34"]
[White "Shelushpanov, Nikolai"]
[Black "Kravchenko, Daniil"]
[Result "0-1"]
[WhiteElo "1536"]
[BlackElo "1876"]
[PlyCount "60"]
[EventDate "2016.04.20"]

1. e4 c5 2. Nf3 Nc6 3. c3 d5 4. exd5 Qxd5 5. d4 cxd4 6. cxd4 e5 7. dxe5 Qxd1+
8. Kxd1 Bg4 9. Be2 O-O-O+ 10. Ke1 Bxf3 11. Bxf3 Nxe5 12. Be4 Bb4+ 13. Ke2 Nf6
14. Bf5+ Kb8 15. Bf4 Rhe8 16. Rd1 Rxd1 17. Kxd1 Nh5 18. Bd2 Rd8 19. Kc2 Bxd2
20. Nxd2 g6 21. Re1 Nc6 22. Bg4 Nb4+ 23. Kd1 Nd3 24. Rf1 Nxb2+ 25. Kc2 Nd3 26.
Nf3 Nf6 27. Bh3 Ne4 28. g3 Ndxf2 29. Bg2 Rc8+ 30. Kb2 Nd3+ 0-1

[Event "Russian Championship B17 1st league 2016"]
[Site "Loo"]
[Date "2016.04.21"]
[Round "2.35"]
[White "Novikov, Dmitry"]
[Black "Polozhentsev, Maksim"]
[Result "0-1"]
[WhiteElo "1493"]
[BlackElo "1829"]
[PlyCount "52"]
[EventDate "2016.04.20"]

1. e4 c5 2. Nf3 Nc6 3. d4 cxd4 4. Nxd4 g6 5. Be3 Bg7 6. Nc3 Nf6 7. Qd2 O-O 8.
f3 d5 9. exd5 Nxd5 10. Nxc6 bxc6 11. Nxd5 cxd5 12. O-O-O Bb7 13. Bh6 e6 14. h4
Qf6 15. Bxg7 Qxg7 16. g4 Rfb8 17. c3 d4 18. Be2 dxc3 19. bxc3 Bd5 20. Rhg1 Qf8
21. Qd4 Qa3+ 22. Kd2 Qxa2+ 23. Ke1 Rb2 24. Qe3 Rc8 25. Kf1 Rxe2 26. Qd4 Bc4 0-1

[Event "Russian Championship B17 1st league 2016"]
[Site "Loo"]
[Date "2016.04.21"]
[Round "2.36"]
[White "Efimenko, Aleksandr"]
[Black "Kulikov, Egor"]
[Result "1-0"]
[WhiteElo "1819"]
[BlackElo "1489"]
[PlyCount "61"]
[EventDate "2016.04.20"]

1. e4 e5 2. Nf3 Nc6 3. Bb5 Nf6 4. O-O d6 5. d4 exd4 6. Nxd4 Bd7 7. Bxc6 bxc6 8.
Nc3 Be7 9. Qd3 O-O 10. Bd2 Ng4 11. f4 c5 12. Nf3 g6 13. h3 Nf6 14. f5 Qc8 15.
Bh6 Re8 16. Ng5 Rb8 17. Qc4 d5 18. Nxd5 Nxd5 19. Qxd5 Bxg5 20. Bxg5 gxf5 21.
exf5 Rb5 22. c4 Rxb2 23. Bf6 Rb6 24. Bc3 Re3 25. Be5 Qe8 26. Bf4 Re2 27. Rf3
Bc6 28. Rg3+ Kh8 29. Qxc5 Qd7 30. Bxc7 Qc8 31. Qd4+ 1-0

[Event "Russian Championship B17 1st league 2016"]
[Site "Loo"]
[Date "2016.04.21"]
[Round "2.37"]
[White "Tchentsov, Daniil"]
[Black "Vasiliev, Semen B"]
[Result "1-0"]
[WhiteElo "1802"]
[BlackElo "1434"]
[PlyCount "61"]
[EventDate "2016.04.20"]

1. d4 e6 2. g3 Nf6 3. c4 b6 4. Bg2 d5 5. Nf3 Bb7 6. Ne5 Nbd7 7. Nc3 c5 8. cxd5
exd5 9. Bg5 Qc7 10. Bf4 Qd8 11. Nb5 a6 12. Nxd7 axb5 13. Nxf6+ Qxf6 14. Qb3 Qc6
15. O-O Be7 16. Qe3 Qd7 17. Qe5 O-O 18. Qc7 Rfd8 19. Qxd7 Rxd7 20. Bh3 Rdd8 21.
Bc7 Rf8 22. Bxb6 c4 23. a3 Bf6 24. Bd7 h6 25. Bc5 Rfd8 26. Bxb5 Ra5 27. a4 Rc8
28. Bb6 Raa8 29. Bd7 Rf8 30. a5 Bd8 31. Bc5 1-0

[Event "Russian Championship B17 1st league 2016"]
[Site "Loo"]
[Date "2016.04.21"]
[Round "2.38"]
[White "Kuzmichev, Artem"]
[Black "Pavlovskiy, Vladislav"]
[Result "1-0"]
[WhiteElo "1792"]
[BlackElo "1240"]
[PlyCount "81"]
[EventDate "2016.04.20"]

1. e4 b6 2. d4 e6 3. Nf3 Bb7 4. Bd3 d5 5. exd5 Bxd5 6. Nc3 Bb7 7. Be4 Bxe4 8.
Nxe4 Nd7 9. O-O Ngf6 10. Nc3 c5 11. d5 exd5 12. Nxd5 Nxd5 13. Qxd5 Be7 14. Bf4
O-O 15. Rad1 Nf6 16. Qb7 Qe8 17. Rfe1 Rd8 18. Rxd8 Qxd8 19. Rxe7 Qd1+ 20. Re1
Qxc2 21. h3 Qxb2 22. Bd6 Re8 23. Rxe8+ Nxe8 24. Qe7 h6 25. Qxe8+ Kh7 26. Qe4+
Kg8 27. Be5 Qxa2 28. Qa8+ Kh7 29. Qf8 f6 30. Bf4 c4 31. Kh2 c3 32. Qc8 Qb2 33.
Qf5+ Kg8 34. Be3 b5 35. Nd4 b4 36. Qg6 Qa2 37. Nf5 Qf7 38. Nxh6+ Kh8 39. Qxf7
Kh7 40. Nf5 Kh8 41. Qxg7# 1-0

[Event "Russian Championship B15 2016"]
[Site "Loo"]
[Date "2016.04.21"]
[Round "2.1"]
[White "Kavyev, Ruslan"]
[Black "Shubin, Kirill"]
[Result "1/2-1/2"]
[WhiteElo "2058"]
[BlackElo "2399"]
[PlyCount "39"]
[EventDate "2016.04.20"]

1. d4 Nf6 2. Nf3 e6 3. c4 c5 4. d5 b5 5. Bg5 exd5 6. cxd5 d6 7. e4 a6 8. a4 Be7
9. Qc2 O-O 10. Bxf6 Bxf6 11. axb5 Bb7 12. Nc3 axb5 13. Rxa8 Bxa8 14. Bxb5 Qa5
15. Be2 Qa1+ 16. Nd1 Qa5+ 17. Nc3 Qa1+ 18. Nd1 Qa5+ 19. Nc3 Qa1+ 20. Nd1
1/2-1/2

[Event "Russian Championship B15 2016"]
[Site "Loo"]
[Date "2016.04.21"]
[Round "2.2"]
[White "Gurvich, Vitaly"]
[Black "Mnatsakanian, Arsen"]
[Result "1-0"]
[WhiteElo "2381"]
[BlackElo "2037"]
[PlyCount "125"]
[EventDate "2016.04.20"]

1. Nf3 f5 2. g3 Nf6 3. Bg2 e6 4. O-O Be7 5. d3 O-O 6. Nbd2 d6 7. e4 e5 8. c3
Nc6 9. Re1 f4 10. d4 Qe8 11. Nc4 fxg3 12. hxg3 Qh5 13. dxe5 dxe5 14. Nfxe5 Bg4
15. Nxg4 Nxg4 16. Qd5+ Qxd5 17. exd5 Bc5 18. Be3 Nxe3 19. Nxe3 Ne5 20. b4 Bb6
21. Be4 Rae8 22. Kg2 Bxe3 23. Rxe3 Ng4 24. Re2 g6 25. Rae1 Nf6 26. c4 Kg7 27.
Bf3 Rxe2 28. Rxe2 Re8 29. Rd2 b6 30. Rc2 g5 31. Be2 Kf8 32. Bd3 Re1 33. Rc3 b5
34. cxb5 Nxd5 35. Ra3 Nxb4 36. Rxa7 Re7 37. Ra4 c5 38. bxc6 Nxc6 39. Be4 Ne5
40. Rb4 Kg7 41. a4 Kf6 42. a5 Rc7 43. Rb8 Nd7 44. Rb5 Nc5 45. Bf3 Ke5 46. Be2
Kd6 47. Rb8 Ne6 48. a6 Rc2 49. Bg4 Nc7 50. Rg8 Rc5 51. Bc8 Ke7 52. Bb7 Ra5 53.
Rg7+ Kd6 54. f3 Ne6 55. Rg8 Kc7 56. Rc8+ Kd7 57. Ra8 Nc7 58. Ra7 Ra4 59. Kh3
Kd8 60. Be4 Ra5 61. Kg4 Kc8 62. Bf5+ Kb8 63. Rb7+ 1-0

[Event "Russian Championship B15 2016"]
[Site "Loo"]
[Date "2016.04.21"]
[Round "2.3"]
[White "Shirshov, Nikolay"]
[Black "Lomasov, Semen"]
[Result "0-1"]
[WhiteElo "2002"]
[BlackElo "2326"]
[PlyCount "66"]
[EventDate "2016.04.20"]

1. Nf3 d5 2. c4 d4 3. e3 Nc6 4. d3 e5 5. g3 Nf6 6. exd4 exd4 7. Bg2 Bb4+ 8.
Nbd2 Qe7+ 9. Qe2 Bf5 10. a3 Bxd3 11. Qxe7+ Bxe7 12. b4 O-O 13. Bb2 Rfe8 14.
O-O-O Rad8 15. h3 Ne4 16. Nxe4 Bxe4 17. Rhe1 Bf6 18. Bh1 g6 19. h4 h5 20. Rd2
Bf5 21. Rdd1 Bg4 22. Rxe8+ Rxe8 23. Re1 Rd8 24. Nd2 Ne5 25. Kc2 Be6 26. Bxb7
Nxc4 27. Rxe6 d3+ 28. Kc1 Bxb2+ 29. Kd1 Nxd2 30. Rc6 Nb1 31. Rxc7 Bxa3 32. Be4
Bxb4 33. Rxa7 Nc3+ 0-1

[Event "Russian Championship B15 2016"]
[Site "Loo"]
[Date "2016.04.21"]
[Round "2.4"]
[White "Nesterov, Arseniy"]
[Black "Murtazin, Ruslan"]
[Result "1/2-1/2"]
[WhiteElo "2273"]
[BlackElo "2012"]
[PlyCount "113"]
[EventDate "2016.04.20"]

1. d4 Nf6 2. c4 g6 3. Nc3 Bg7 4. e4 d6 5. Be2 O-O 6. Bg5 c5 7. d5 h6 8. Bf4 a6
9. a4 Qa5 10. Qd2 Kh7 11. h3 b5 12. cxb5 axb5 13. Bxb5 Ba6 14. Bxa6 Nxa6 15.
Nge2 Rfb8 16. f3 Qb4 17. Rb1 Nd7 18. O-O Ne5 19. Bxe5 Bxe5 20. f4 Bg7 21. f5
Rf8 22. Kh1 Nc7 23. Qd3 Be5 24. Qf3 g5 25. f6 Bxf6 26. Ng3 Qd4 27. Nh5 Ne8 28.
Qf5+ Kg8 29. Qd7 c4 30. Nxf6+ exf6 31. Rbd1 Qb6 32. Nb5 Rxa4 33. Nd4 Ra7 34.
Qg4 Kh7 35. Rd2 Ra2 36. Nf5 Ng7 37. Nxg7 Kxg7 38. Qf3 Qd8 39. Qc3 Qe7 40. Qxc4
Rfa8 41. Rdf2 Ra1 42. Qd4 R8a4 43. b4 Rxf1+ 44. Rxf1 Kg6 45. Rf5 Ra7 46. Rxf6+
Qxf6 47. Qxa7 Qf1+ 48. Qg1 Qd3 49. Qe1 h5 50. e5 Qxd5 51. exd6 Qxd6 52. b5 Kh6
53. Qb1 Qb6 54. Qb3 h4 55. Qd5 f6 56. Qc6 Qf2 57. Qf3 1/2-1/2

[Event "Russian Championship B15 2016"]
[Site "Loo"]
[Date "2016.04.21"]
[Round "2.5"]
[White "Shinkevich, Maksim"]
[Black "Salemgareev, Tagir"]
[Result "1-0"]
[WhiteElo "1997"]
[BlackElo "2262"]
[PlyCount "127"]
[EventDate "2016.04.20"]

1. d4 Nf6 2. c4 e6 3. Nf3 Bb4+ 4. Bd2 Qe7 5. g3 Nc6 6. Nc3 Bxc3 7. Bxc3 Ne4 8.
Rc1 O-O 9. Bg2 Nxc3 10. Rxc3 e5 11. dxe5 Nxe5 12. Nxe5 Qxe5 13. O-O d6 14. Qd2
Rb8 15. Re3 Qf6 16. Rf3 Qd8 17. Qd4 b6 18. Ra3 a5 19. Rd1 Bf5 20. Qf4 Bg6 21.
Bc6 f5 22. Re3 Qf6 23. Rd2 Kh8 24. Qd4 f4 25. Qxf6 Rxf6 26. Re7 fxg3 27. hxg3
Rf7 28. Rxf7 Bxf7 29. Rd4 Kg8 30. b3 Bg6 31. g4 Kf7 32. f4 Ke7 33. Kf2 Rf8 34.
Kg3 Bb1 35. a3 g5 36. f5 Bc2 37. b4 axb4 38. axb4 Kf6 39. Rd2 Bb3 40. Bd5 Re8
41. e4 b5 42. Bc6 Re7 43. cxb5 Ke5 44. Kf3 Rg7 45. Ke3 h6 46. Rd3 Bc4 47. Ra3
h5 48. gxh5 g4 49. Be8 d5 50. Bg6 dxe4 51. Rc3 Bd5 52. h6 Rg8 53. h7 Rh8 54.
Rc1 Ra8 55. Ra1 Rc8 56. Rg1 Kf6 57. Rxg4 Kg7 58. Rg3 Rd8 59. Kf4 Kh8 60. f6 c6
61. bxc6 Bxc6 62. Bxe4 Bd7 63. f7 Bf5 64. Rg8+ 1-0

[Event "Russian Championship B15 2016"]
[Site "Loo"]
[Date "2016.04.21"]
[Round "2.6"]
[White "Geshko, Aleksey"]
[Black "Yeritsyan, Aram"]
[Result "0-1"]
[WhiteElo "2179"]
[BlackElo "2000"]
[PlyCount "106"]
[EventDate "2016.04.20"]

1. e4 c5 2. Nf3 e6 3. d4 cxd4 4. Nxd4 a6 5. c4 Nf6 6. Nc3 Qc7 7. a3 b6 8. Be3
Bb7 9. f3 Be7 10. Rc1 d6 11. Be2 Nbd7 12. O-O O-O 13. Qd2 Rac8 14. Rfd1 Qb8 15.
b4 Rfe8 16. Nb3 d5 17. cxd5 Bd6 18. f4 exd5 19. e5 Nxe5 20. fxe5 Bxe5 21. Nd4
Bxh2+ 22. Kh1 b5 23. Bf3 Rc4 24. a4 Rxe3 25. Qxe3 Bf4 26. Qg1 Bxc1 27. Rxc1
Rxb4 28. axb5 axb5 29. Ncxb5 Rc4 30. Rb1 Ne4 31. Bxe4 dxe4 32. Qe3 Rc5 33. Kg1
Rh5 34. g3 Qc8 35. Rb2 Qh3 36. Rg2 Rh6 37. Ne2 Qh1+ 38. Kf2 Rf6+ 39. Nf4 g5 40.
Rg1 Qh2+ 41. Rg2 Qh6 42. Nc3 gxf4 43. gxf4+ Rg6 44. Ne2 Rxg2+ 45. Kxg2 Qg6+ 46.
Kf2 h5 47. Qa7 Bc6 48. Qb8+ Kh7 49. Qe5 h4 50. f5 Qg5 51. Nd4 h3 52. Nxc6 Qg2+
53. Ke3 h2 0-1

[Event "Russian Championship B15 2016"]
[Site "Loo"]
[Date "2016.04.21"]
[Round "2.7"]
[White "Sokolov, Nikita Dm"]
[Black "Korolev, Kirill"]
[Result "1-0"]
[WhiteElo "2126"]
[BlackElo "1994"]
[PlyCount "105"]
[EventDate "2016.04.20"]

1. d4 Nf6 2. c4 g6 3. Nc3 Bg7 4. e4 d6 5. Be2 O-O 6. Bg5 Nbd7 7. Qd2 c5 8. d5
Ne8 9. Nf3 Ne5 10. Bh6 f5 11. Nxe5 dxe5 12. exf5 Bxf5 13. Bxg7 Nxg7 14. Qe3 Qc7
15. O-O Bd7 16. Bd3 Nf5 17. Bxf5 Rxf5 18. Ne4 b6 19. Rfe1 Rf4 20. b3 e6 21. Nc3
Raf8 22. Qxe5 Qxe5 23. Rxe5 exd5 24. Rxd5 Bc6 25. Rd6 Bb7 26. f3 Rd4 27. Rd1
Rxd1+ 28. Rxd1 Rf7 29. Kf2 Kg7 30. Rd6 Bc8 31. Ke3 Bf5 32. g4 Bc8 33. Ne4 h6
34. h4 h5 35. gxh5 gxh5 36. Ng3 Bb7 37. Nxh5+ Kg8 38. Rf6 Rxf6 39. Nxf6+ Kg7
40. Ne4 Bc8 41. Kf4 Kg6 42. Nd6 Bd7 43. Nb5 a6 44. Nc7 a5 45. a4 Bf5 46. Nd5
Bc2 47. Nxb6 Bxb3 48. Ke5 Kh5 49. Kd5 Kxh4 50. Kxc5 Kg3 51. Kb5 Kxf3 52. c5 Ke4
53. c6 1-0

[Event "Russian Championship B15 2016"]
[Site "Loo"]
[Date "2016.04.21"]
[Round "2.8"]
[White "Talypov, Ildar"]
[Black "Remizov, Yaroslav"]
[Result "1/2-1/2"]
[WhiteElo "1993"]
[BlackElo "2124"]
[PlyCount "125"]
[EventDate "2016.04.20"]

1. d4 Nf6 2. Nf3 c5 3. d5 g6 4. Bg5 Bg7 5. c3 O-O 6. Bxf6 Bxf6 7. e4 d6 8. Bd3
Bg4 9. h3 Bxf3 10. Qxf3 Nd7 11. Qe2 a6 12. a4 Qa5 13. Nd2 b5 14. O-O c4 15. Bc2
Qb6 16. Kh1 Rfc8 17. f4 Rab8 18. axb5 axb5 19. Nf3 Bg7 20. e5 Nf8 21. Nd4 e6
22. Be4 b4 23. Qf3 Rc7 24. exd6 Qxd6 25. Nc6 exd5 26. Nxb8 dxe4 27. Qxe4 Re7
28. Qa8 Re8 29. Qc6 Qxb8 30. Qxc4 bxc3 31. bxc3 Rc8 32. Qd5 Rxc3 33. Ra8 Qc7
34. Ra4 Qe7 35. Qe4 Qc5 36. f5 Qb5 37. Qf4 g5 38. Rb4 Qd3 39. Qf2 Rc2 40. Qf3
Qd6 41. f6 Bh8 42. Rg4 h6 43. h4 Nh7 44. hxg5 hxg5 45. Qa8+ Qf8 46. Qa4 Rc5 47.
Re4 Qh6+ 48. Kg1 Bxf6 49. Qb4 Rc8 50. Qb7 Rd8 51. Qb4 Qg7 52. g3 Nf8 53. Kg2
Ne6 54. Rf2 Bd4 55. Rf1 Bc5 56. Qe1 Qb2+ 57. Re2 Qb7+ 58. Kh3 Kg7 59. Rxe6 Rh8+
60. Kg4 fxe6 61. Qe5+ Kh7 62. Qxe6 Qb4+ 63. Rf4 1/2-1/2

[Event "Russian Championship B15 2016"]
[Site "Loo"]
[Date "2016.04.21"]
[Round "2.9"]
[White "Pavlov, Danila"]
[Black "Babanin, Gleb"]
[Result "1-0"]
[WhiteElo "2094"]
[BlackElo "1992"]
[PlyCount "83"]
[EventDate "2016.04.20"]

1. e4 c5 2. Nf3 d6 3. d4 cxd4 4. Nxd4 Nf6 5. Nc3 a6 6. Be3 e5 7. Nb3 Be6 8. Qd2
Nbd7 9. O-O-O b5 10. f4 Rc8 11. Kb1 Be7 12. Be2 O-O 13. Bf3 Qc7 14. f5 Bc4 15.
g4 b4 16. Ne2 d5 17. g5 dxe4 18. gxf6 Nxf6 19. Bg2 Rfd8 20. Qe1 Nd5 21. Bf2
Bxe2 22. Qxe2 Nf4 23. Rxd8+ Bxd8 24. Qxe4 Nxg2 25. Qxg2 Qxc2+ 26. Ka1 Bf6 27.
Rb1 a5 28. Nxa5 e4 29. Qg1 Qa4 30. Bb6 Qc2 31. Bd4 Bxd4 32. Qxd4 Qa4 33. Nb3
Ra8 34. Nc1 Qc6 35. Qxb4 Qd5 36. f6 gxf6 37. a3 f5 38. Ne2 h5 39. Qc3 Kh7 40.
Nf4 Qd6 41. Nxh5 Qxh2 42. Qg7# 1-0

[Event "Russian Championship B15 2016"]
[Site "Loo"]
[Date "2016.04.21"]
[Round "2.10"]
[White "Rysakov, Anton"]
[Black "Sakulo, Denis"]
[Result "0-1"]
[WhiteElo "1979"]
[BlackElo "2085"]
[PlyCount "96"]
[EventDate "2016.04.20"]

1. e4 c5 2. Nf3 e6 3. d4 cxd4 4. Nxd4 Nf6 5. Bd3 Nc6 6. Nb3 d5 7. exd5 exd5 8.
O-O Be7 9. Nc3 O-O 10. Bg5 Be6 11. Nb5 h6 12. Bh4 Qb6 13. a4 Bg4 14. Be2 Bxe2
15. Qxe2 a6 16. Nc3 Rad8 17. Rad1 Rfe8 18. Qf3 g5 19. Bg3 d4 20. Ne2 Kg7 21. h4
Qb4 22. hxg5 hxg5 23. a5 Rd5 24. Bc7 Bd8 25. Bxd8 Rexd8 26. Ng3 d3 27. Nf5+ Kg6
28. Ne3 Re5 29. Nc1 Nd4 30. Qh3 Ne2+ 31. Nxe2 dxe2 32. Rxd8 exf1=Q+ 33. Kxf1 g4
34. Qh8 Rxa5 35. f3 Ra1+ 36. Ke2 Re1+ 37. Kf2 g3+ 38. Kxg3 Rxe3 39. c3 Qc5 40.
Rd4 Qe5+ 41. Kf2 Ne4+ 42. Kxe3 Qxh8 43. Rxe4 Qh6+ 44. Ke2 Qh1 45. Kf2 Qc1 46.
Rb4 b5 47. g4 Kg5 48. Kg2 Kh4 0-1

[Event "Russian Championship B15 2016"]
[Site "Loo"]
[Date "2016.04.21"]
[Round "2.11"]
[White "Zaika, Daniil"]
[Black "Nuristani, Iman"]
[Result "0-1"]
[WhiteElo "2077"]
[BlackElo "1922"]
[PlyCount "72"]
[EventDate "2016.04.20"]

1. d4 Nf6 2. Nf3 d5 3. Bf4 g6 4. e3 Bg7 5. Be2 O-O 6. Nc3 c6 7. Ne5 Nbd7 8. h4
Ne4 9. Nxe4 dxe4 10. Nxd7 Bxd7 11. Qd2 Qb6 12. c3 a6 13. f3 exf3 14. gxf3 e5
15. dxe5 Rad8 16. e4 Be6 17. Qc1 Qc7 18. Bh6 Bxe5 19. h5 Bf6 20. Bf4 Qe7 21.
hxg6 Bh4+ 22. Kf1 fxg6 23. Kg2 Bf6 24. Qe3 Rd7 25. e5 Bg7 26. Bh6 Rf5 27. Bxg7
Qxg7 28. Qa7 Rxe5 29. Qb8+ Kf7 30. Kf2 Rd2 31. Qxb7+ Kf6 32. Qxg7+ Kxg7 33.
Rhe1 Bc4 34. b3 Bxe2 35. f4 Bd1+ 36. Kf1 Rh5 0-1

[Event "Russian Championship B15 2016"]
[Site "Loo"]
[Date "2016.04.21"]
[Round "2.12"]
[White "Isaykin, Artem"]
[Black "Osipov, Daniil"]
[Result "1-0"]
[WhiteElo "1924"]
[BlackElo "2068"]
[PlyCount "71"]
[EventDate "2016.04.20"]

1. e4 e5 2. Nf3 Nc6 3. Bb5 Nd4 4. Nxd4 exd4 5. d3 Bc5 6. Nd2 c6 7. Bc4 d5 8.
exd5 cxd5 9. Qe2+ Be6 10. Bb5+ Kf8 11. O-O Qa5 12. b4 Bxb4 13. Rb1 Bc3 14. a4
a6 15. Ba3+ Ne7 16. Bd7 b5 17. Bxe6 fxe6 18. Qxe6 b4 19. Nf3 Qxa4 20. Ne5 Ke8
21. Bc1 h6 22. Bb2 Ra7 23. Bxc3 dxc3 24. Ng6 Rf8 25. Rfe1 Qd7 26. Nxf8 Kxf8 27.
Qb6 a5 28. Re3 Kg8 29. Rbe1 Nc6 30. Qc5 Ra8 31. Re6 Nd8 32. Re8+ Kh7 33. Qf8 b3
34. R1e7 Qxe7 35. Qg8+ Kg6 36. Rxe7 1-0

[Event "Russian Championship B15 2016"]
[Site "Loo"]
[Date "2016.04.21"]
[Round "2.13"]
[White "Shchukin, Maksim"]
[Black "Pesotskiy, Mikhail"]
[Result "0-1"]
[WhiteElo "1891"]
[BlackElo "2152"]
[PlyCount "76"]
[EventDate "2016.04.20"]

1. e4 e6 2. d4 d5 3. Nc3 Bb4 4. exd5 exd5 5. Bd3 Nf6 6. Nge2 O-O 7. O-O c6 8.
a3 Bd6 9. Bg5 Bxh2+ 10. Kh1 Bd6 11. Qd2 b6 12. Ng3 g6 13. f4 Kg7 14. f5 Bxg3
15. fxg6 fxg6 16. Bh6+ Kh8 17. Qg5 Rf7 18. Qxg3 Ba6 19. Bg5 Bxd3 20. Qxd3 Nbd7
21. Qh3 Kg7 22. Rf3 h5 23. Raf1 Qc7 24. Qe6 Raf8 25. Bf4 Qc8 26. Be5 Re8 27.
Qd6 Ref8 28. Qe6 Re8 29. Qh3 Qd8 30. Qg3 Qe7 31. Re1 Nxe5 32. Rxe5 Qd7 33. Rfe3
Ng4 34. Qxg4 Qxg4 35. Rxe8 Rf1+ 36. Kh2 Qh4+ 37. Rh3 Qf4+ 38. Rg3 h4 0-1

[Event "Russian Championship B15 2016"]
[Site "Loo"]
[Date "2016.04.21"]
[Round "2.14"]
[White "Gasanov, Zaur"]
[Black "Ivanov, Daniil"]
[Result "0-1"]
[WhiteElo "2148"]
[BlackElo "1975"]
[PlyCount "102"]
[EventDate "2016.04.20"]

1. d4 Nf6 2. g3 c5 3. d5 d6 4. c4 g6 5. Nc3 Bg7 6. Bg2 O-O 7. e4 Na6 8. f4 e6
9. Nge2 exd5 10. cxd5 Re8 11. O-O Nc7 12. a4 Rb8 13. Qd3 a6 14. Rb1 b5 15. axb5
Nxb5 16. Nxb5 axb5 17. b4 Nxe4 18. Bxe4 Rxe4 19. Qxe4 Bf5 20. Qe3 Bxb1 21. bxc5
dxc5 22. Qxc5 Bd3 23. Qe3 Bxe2 24. Qxe2 Qxd5 25. Bb2 Bxb2 26. Qxb2 Ra8 27. Rc1
Rb8 28. Qb4 Ra8 29. Qb2 h5 30. Re1 Rb8 31. Qb4 Qd3 32. Rb1 Qe3+ 33. Kg2 Qe2+
34. Kh3 Qg4+ 35. Kg2 Re8 36. Rf1 Re2+ 37. Rf2 Rxf2+ 38. Kxf2 Qd7 39. Ke3 Qd5
40. Qd4 Qb3+ 41. Ke4 b4 42. f5 Qb1+ 43. Ke3 Qg1+ 44. Kd3 Qxd4+ 45. Kxd4 g5 46.
Kc4 Kg7 47. Kxb4 Kf6 48. Kc5 Kxf5 49. Kd4 Kg4 50. Ke5 f5 51. Kd4 Kh3 0-1

[Event "Russian Championship B15 2016"]
[Site "Loo"]
[Date "2016.04.21"]
[Round "2.15"]
[White "Izabakarov, Kamil"]
[Black "Moiseev, Danila"]
[Result "1-0"]
[WhiteElo "1813"]
[BlackElo "2135"]
[PlyCount "106"]
[EventDate "2016.04.20"]

1. Nf3 Nf6 2. g3 g6 3. Bg2 Bg7 4. O-O O-O 5. c4 d5 6. cxd5 Nxd5 7. d4 c6 8. e4
Nc7 9. Nc3 Bg4 10. Be3 Qd7 11. Qd2 Rd8 12. Rad1 Nba6 13. Rfe1 e5 14. d5 cxd5
15. exd5 Nb5 16. Bh6 Bh8 17. Nxb5 Qxb5 18. h3 Bxf3 19. Bxf3 Rd6 20. Bg2 f5 21.
Bg5 e4 22. Be7 Rd7 23. d6 Qe5 24. Bf1 Bf6 25. Bxf6 Qxf6 26. Bxa6 Rad8 27. Bc4+
Kg7 28. Qb4 Rxd6 29. Qxb7+ Kh6 30. Rxd6 Rxd6 31. Qxa7 Qxb2 32. Qe3+ Kg7 33. Bb3
Rd2 34. Rf1 Rd3 35. Qa7+ Kh6 36. Qe7 e3 37. Bg8 exf2+ 38. Kg2 Qh8 39. Qf8+ Kh5
40. g4+ Kg5 41. Qe7+ Kh6 42. g5+ Kh5 43. Qe2+ Kxg5 44. Qxd3 Qxg8 45. Rxf2 Qa8+
46. Kh2 h5 47. h4+ Kh6 48. Qe3+ Kh7 49. Rg2 f4 50. Qxf4 Qc6 51. Qf7+ Kh8 52.
Qxg6 Qc7+ 53. Qg3 Qf7 1-0

[Event "Russian Championship B15 2016"]
[Site "Loo"]
[Date "2016.04.21"]
[Round "2.17"]
[White "Bedenko, Nikita"]
[Black "Baranovskiy, Daniil"]
[Result "1/2-1/2"]
[WhiteElo "1917"]
[BlackElo "1899"]
[PlyCount "70"]
[EventDate "2016.04.20"]

1. e4 c6 2. d4 d5 3. Nc3 dxe4 4. Nxe4 Nd7 5. Bc4 Ndf6 6. Ng5 Nd5 7. N1f3 e6 8.
Ne5 Nh6 9. O-O Bd6 10. Qh5 Bxe5 11. dxe5 O-O 12. Bd3 f5 13. exf6 Nxf6 14. Qe2
Re8 15. Ne4 Nf7 16. b3 e5 17. Ba3 Nxe4 18. Qxe4 Ng5 19. Qe3 e4 20. Bc4+ Be6 21.
Rad1 Qa5 22. Bb2 Bxc4 23. bxc4 Qf5 24. Qc3 Qg6 25. Rd7 Re5 26. Qb3 Nf3+ 27. Kh1
Rh5 28. gxf3 Rxh2+ 29. Kxh2 Qh5+ 30. Kg3 Qg5+ 31. Kh2 Qh5+ 32. Kg1 Qg5+ 33. Kh1
Qh5+ 34. Kg1 Qg5+ 35. Kh1 Qh5+ 1/2-1/2